| 000 | 00566nam a22002057a 4500 | ||
|---|---|---|---|
| 003 | OSt | ||
| 005 | 20161007144641.0 | ||
| 008 | 150521b xxu||||| |||| 00| 0 eng d | ||
| 020 | _a9780750688963 | ||
| 040 | _cDNLM | ||
| 082 | _aWW 103C6119 2007. | ||
| 100 |
_aElliot David B. _94807 |
||
| 245 |
_aClinical Procedures in Primary Eye Care / _cDavid B Elliott |
||
| 250 | _a3rd ed. | ||
| 260 |
_aOxford: _bButterworth Heinemann; _c2007 |
||
| 300 |
_aviii,342 cm. _bcol,ill: _c25cm. |
||
| 504 | _aincludes index | ||
| 650 |
_aPrimary Care _94808 |
||
| 942 |
_2z _cO_SHELF |
||
| 999 |
_c5321 _d5321 |
||